000 00302nam a2200133Ia 4500
008 150201s2007 xx 000 0 und d
082 _a618.92
_bM07W
100 _aWHO
245 _aMANAGING NEWBORN PROBLEMS
250 _a1ST
260 _bAITBS
_aDELHI
_c2007
650 _aPAEDIATRICS
942 _2ddc
_cBK
999 _c737
_d737